000 00348nam a22001457a 4500
003 OSt
005 20220207144306.0
008 220207b |||||||| |||| 00| 0 eng d
020 _a007056884-7
040 _cH U
082 _a621.8
100 _aShigley Joseph Edward
_929815
245 _aTheory Of Machines And Mechanisms
942 _2ddc
_cBOOKS
_n0
999 _c29389
_d29389